LEADER 01517nam a2200337 i 4500 001 000000183118 003 CaOOAMICUS 005 20231109122440.0 008 091105s2009 it u000 u ita u 020 $a978-88-311-9526-3 040 $aSeMil$bita 041 1 $aita$agrc 100 0 $aOrigenes,$d.$0(OLS)http://semarc/name/467 245 10$a4: Esegesi paolina :$bi testi frammentari /$cOrigene ; introduzione, traduzione e note di Francesco Pieri. 246 01$aExegetica in Paulum : excerpta et fragmenta 264 1$aRoma :$bCittà Nuova,$c2009. 300 $a455 p. ;$c24 cm. 500 $aTesto originale a fronte 700 1 $aPieri, Francesco,$d<1962- >.$0(OLS)http://semarc/name/58379 700 1 $aPenna, Romano,$c.$0(OLS)http://semarc/name/769 773 0 $aOrigenes $t14: Commento alla Lettera ai Romani.$dRoma : Città Nuova, 2014-$g4$w()22387 850 $aSeMil 852 $aSeMil$W1$xVenegono$y1$mSL1.U V 29/4$j133822$B133822$CSeMilBibl$Z2$F145534 $8I 900 1 $aOrigene. 961 $aSottoscrizione: Città Nuova (Agente) 996 $6020$a978-88-311-9526-3$9(OLS)http://semarc/number/172809 996 $6245$a4: Esegesi paolina :$bi testi frammentari$9(OLS)http://semarc/title/262812 996 $6246$aExegetica in Paulum : excerpta et fragmenta$9(OLS)http://semarc/title/262813 996 $6264$aRoma :$bCittà Nuova$9(OLS)http://semarc/publisher/29609 LEADER 01720nam a2200361 i 4500 001 000000116938 003 CaOOAMICUS 005 20190509114657.0 008 030704s1998 au u000 u ger u 013 $a89627 020 $a3-552-04902-9 040 $aSeMil$bita 100 1 $aMartini, Carlo Maria,$c.$0(OLS)http://semarc/name/89159 240 10$aIn cosa crede chi non crede?.$0(OLS)http://semarc/title/98944 245 10$aWoran glaubt, wer nicht glaubt? /$cCarlo Maria Martini, Umberto Eco ; mit einem Vorwort von Kardinal Franz König und Beiträgen von Emanuele Severino ... [et al.] ; aus dem Italianischen von Burkhart Kroeber und Karl Pichler. 260 $aWien :$bPaul Zsolnay,$ccopyr. 1998. 300 $a158 p. ;$c21 cm. 500 $aFondo Card. C.M. Martini. 650 4$aFede.$0(OLS)http://semarc/subject/589 650 4$aIncredulità.$0(OLS)http://semarc/subject/19604 700 1 $aEco, Umberto,$d<1932-2016>.$0(OLS)http://semarc/name/3132 700 1 $aPichler, Karl.$0(OLS)http://semarc/name/48804 700 1 $aSeverino, Emanuele,$d<1929-2020>.$0(OLS)http://semarc/name/6834 700 1 $aKroeber, Burkhart.$0(OLS)http://semarc/name/48803 700 1 $aKönig, Franz,$c.$0(OLS)http://semarc/name/3947 850 $aSeMil 852 $aSeMil$W1$xVenegono$y1$m2F II 460$j72338$B72338$CSeMilBibl$Z2$F86841 $81 941 1 $a4 961 $aOmaggio: Martini Card. Carlo Maria 996 $6020$a3-552-04902-9$9(OLS)http://semarc/number/101189 996 $6245$aWoran glaubt, wer nicht glaubt?$9(OLS)http://semarc/title/171549 996 $6260$aWien :$bPaul Zsolnay$9(OLS)http://semarc/publisher/45017